Jorge Negrete : el charro inmortal /

Jorge Negrete fue sujeto, tres años después de su fallecimiento, de este homenaje fílmico producido por su hermano David Negrete (¿?-1960) y realizado por el cineasta veracruzano Rafael E. Portas (1897-1975), para quien fue el décimo quinto y penúltimo de los 16 largometrajes que componen su filmogr...

Popoln opis

Shranjeno v:
Bibliografske podrobnosti
Glavni avtor: Portas, Rafael E. (realización)
Drugi avtorji: Galiana, Fernando (guión) (guión), Schoemann, Gloria (montaje) (montaje), Cortázar, Ernesto (música) (música), Fábregas, Manolo (narración) (narración)
Format: Slide
Jezik:španščina
Izdano: México : Tele Talía Films, 1955
Serija:(Grandes de Nuestro Cine)
Teme:
Oznake: Označite
Brez oznak, prvi označite!

MARC

LEADER 00000ngm^a2200000^a^4500
001 000184540
005 20250521000000.0
009 20260310102119.529
037 |a Acervo ITESO - Biblioteca 
041 |a ESP 
082 |a 302. 2350972  |b POR 
100 |a Portas, Rafael E.  |e (realización) 
240 1 4 |a [El charro inmortal] 
245 1 0 |a Jorge Negrete :  |b el charro inmortal /  |c Realización de R.E. Portas. 
246 2 |a Título original en español: El charro inmortal 
264 1 |a México :  |b Tele Talía Films,  |c 1955 
264 2 |a México :  |b Zima Entertainment [distribución],  |c copyright fecha no identificada 
300 |a 1 DVD regiones 1 y 4 (83 min.) :  |b blanco y negro 
336 |a imagen móvil bidimensional  |b tdi  |2 rdacontenido 
337 |a video  |b v  |2 rdamedio 
338 |a videodisco  |b vd  |2 rdasoporte 
440 1 |a (Grandes de Nuestro Cine) 
520 |a Jorge Negrete fue sujeto, tres años después de su fallecimiento, de este homenaje fílmico producido por su hermano David Negrete (¿?-1960) y realizado por el cineasta veracruzano Rafael E. Portas (1897-1975), para quien fue el décimo quinto y penúltimo de los 16 largometrajes que componen su filmografía como director. El documental está formado principalmente con fragmentos de cintas protagonizadas por el charro cantor, casi siempre en situaciones que dedica una pieza a alguna de sus parejas de la ficción, y tomas de su entierro. 
520 |a Suplementos y características especiales: 1) Pantallas de texto con una sinopsis de la película e información filmográfica sobre el director, el productor David Negrete, Jorge Negrete y la actriz sonorense María Félix (1914-2002), quien fuera esposa del protagonista. 
545 0 |a Jorge Negrete (Guanajuato, 1911 – Los Angeles, 1953), actor y cantante mexicano. Tras haber realizado estudios militares, inició su trayectoria musical en 1930 e ingresó después en el medio cinematográfico, hasta erigirse no sólo en una de las presencias clave de la entonces boyante industria fílmica mexicana, sino en el prototipo del charro cantor y emblema nacional de la masculinidad. Especialista en canciones rancheras y corridos populares, realizó giras por diversas naciones latinoamericanas y desarrolló una filmografía en la que destacan películas como ¡Ay, Jalisco, no te rajes! (dirigida por Joselito Rodríguez, 1941), Historia de un gran amor (Julio Bracho, 1942), El peñón de las Animas (Miguel Zacarías, 1942), Una carta de amor (Miguel Zacarías, 1943), Canaima (Juan Bustillo Oro, 1945), Allá en el Rancho Grande (Fernando de Fuentes, 1948) o Dos tipos de cuidado (Ismael Rodríguez, 1952). El guanajuatense, también célebre por sus relaciones de pareja con las actrices Gloria Marín y María Félix y su rivalidad en aclamo popular con Pedro Infante, fue fundador y activo militante de la Asociación Nacional de Actores (ANDA) y el Sindicato de Trabajadores de la Producción Cinematográfica (STPC). 
649 |a XX 
650 |a Actores Mexicanos 
650 |a Cantantes Mexicanos 
650 |a Charros en el Cine 
650 |a Hombres Mexicanos 
650 |a Documentales de Compilación 
650 |a Cine Mexicano -  |x Historia y Crítica 
650 |a Cine Mexicano -  |y 1930-1939 
650 |a Cine Mexicano -  |y 1940-1949 
650 |a Cine Mexicano -  |y 1950-1959 
650 |a Cine Mexicano -  |y Siglo XX 
650 |a Canción Ranchera -  |x Historia y Crítica 
650 |a Música Mexicana -  |x Historia y Crítica 
650 |a Música Mexicana -  |y Siglo XX 
650 |a Música Popular -  |z México -  |x Historia y Crítica 
650 |a Música Popular -  |x Historia y Crítica 
650 |a Música Folklórica -  |z México -  |x Historia y Crítica 
650 |a Música Folklórica -  |x Historia y Crítica 
650 |a Folklore -  |z México -  |x Historia -  |y Siglo XX 
650 |a Cultura Popular -  |z México -  |x Historia -  |y Siglo XX 
650 |a Negrete, Jorge -  |x Tema Principal 
700 |a Galiana, Fernando  |e (guión) 
700 |a Schoemann, Gloria  |e (montaje) 
700 |a Cortázar, Ernesto  |e (música) 
700 |a Fábregas, Manolo  |e (narración) 
910 |a Fondo General 
920 |a Audiovisuales - DVDs 
940 |a Películas 
905 |a 302 
901 |a 0500094067  |b IT2  |c DVS  |u 20250521 
902 |a https://opac.biblio.iteso.mx/vufind/Record/000184540